Electronic Devices and circuits (Record no. 74)

MARC details
000 -LEADER
Fixed length control field 00525nam a2200181 4500
003 - CONTROL NUMBER IDENTIFIER
Control field SEACOMEC
005 - DATE AND TIME OF LATEST TRANSACTION
Control field 20251013155743.0
008 - FIXED-LENGTH DATA ELEMENTS--GENERAL INFORMATION
Fixed length control field 231004b |||||||| |||| 00| 0 eng d
020 ## - INTERNATIONAL STANDARD BOOK NUMBER / ISBN
Price Rs. 315.00
040 ## - CATALOGING SOURCE
Original cataloging agency SEACOMEC
082 ## - DEWEY DECIMAL CLASSIFICATION NUMBER
Classification number 621.3815
Book Number G977
100 1# - MAIN ENTRY--PERSONAL NAME
Personal name Gupta, J.B.
245 1# - TITLE STATEMENT
Title Electronic Devices and circuits
Statement of responsibility J.B. Gupta
260 ## - IMPRINT
Place of publication Delhi
Name of publisher S.K.Kataria
Date of publication 2006
650 ## - SUBJECT ADDED ENTRY--TOPICAL TERM
Topical term Applied Physics
650 ## - SUBJECT ADDED ENTRY--TOPICAL TERM
Topical term Electrical, magnetic, optical, communications, computer engineering; electronics, lighting
942 ## - ADDED ENTRY ELEMENTS (KOHA)
Koha item type Books
Holdings
Withdrawn status Lost status Source of classification Damaged status Not for loan Home library Current library Date acquired Total Checkouts Call number Accession number Date last seen Price effective from Koha item type Copy number
    Dewey Decimal Classification     SEACOM ENGINEERING COLLEGE SEACOM ENGINEERING COLLEGE 03/04/2024   621.3815 G977 4619 03/04/2024 03/04/2024 Books  
    Dewey Decimal Classification     SEACOM ENGINEERING COLLEGE SEACOM ENGINEERING COLLEGE 03/04/2024   621.3815 G977 4620 03/04/2024 03/04/2024 Books 1
    Dewey Decimal Classification     SEACOM ENGINEERING COLLEGE SEACOM ENGINEERING COLLEGE 03/04/2024   621.3815 G977 4621 03/04/2024 03/04/2024 Books 2
    Dewey Decimal Classification     SEACOM ENGINEERING COLLEGE SEACOM ENGINEERING COLLEGE 03/04/2024   621.3815 G977 4622 03/04/2024 03/04/2024 Books 3
    Dewey Decimal Classification     SEACOM ENGINEERING COLLEGE SEACOM ENGINEERING COLLEGE 03/04/2024   621.3815 G977 4623 03/04/2024 03/04/2024 Books 4
    Dewey Decimal Classification     SEACOM ENGINEERING COLLEGE SEACOM ENGINEERING COLLEGE 03/04/2024   621.3815 G977 4624 03/04/2024 03/04/2024 Books 5
    Dewey Decimal Classification     SEACOM ENGINEERING COLLEGE SEACOM ENGINEERING COLLEGE 03/04/2024   621.3815 G977 4625 03/04/2024 03/04/2024 Books 6
    Dewey Decimal Classification     SEACOM ENGINEERING COLLEGE SEACOM ENGINEERING COLLEGE 03/04/2024   621.3815 G977 4626 03/04/2024 03/04/2024 Books 7
    Dewey Decimal Classification     SEACOM ENGINEERING COLLEGE SEACOM ENGINEERING COLLEGE 03/04/2024   621.3815 G977 4627 03/04/2024 03/04/2024 Books 8
    Dewey Decimal Classification     SEACOM ENGINEERING COLLEGE SEACOM ENGINEERING COLLEGE 03/04/2024   621.3815 G977 4628 03/04/2024 03/04/2024 Books 9
© Seacom Engineering College, All rights reserved.      Powered by Koha